[Event "SLO-chT1 West"]
[Site "Slovenia"]
[Date "2022.10.23"]
[Round "9.1"]
[White "Bulatovic, Milorad"]
[Black "Bratko, Ivan"]
[Result "0-1"]
[WhiteElo "1880"]
[BlackElo "2140"]
[PlyCount "88"]
[EventDate "2022.10.07"]
[EventType "team-tourn"]
[EventRounds "9"]
[EventCountry "SLO"]
[SourceTitle "EXT 2024"]
[Source "ChessBase"]
[SourceDate "2023.10.10"]
[SourceVersion "1"]
[SourceVersionDate "2023.10.10"]
[SourceQuality "1"]
[WhiteTeam "Kranj Stari Mayr"]
[BlackTeam "Domzale Tajfun"]
[WhiteTeamCountry "SLO"]
[BlackTeamCountry "SLO"]

1. b4 e5 2. Bb2 d6 3. c4 Nf6 4. e3 g6 5. Nf3 Bg7 6. Qc2 0-0 7. d3 Re8 8. Nbd2 a5 9. b5 Nbd7 10. Be2 Nc5 11. e4 a4 12. Ba3 Nfd7 13. Rd1 Ne6 14. g3 Ndc5 15. 0-0 Bd7 16. Nb1 c6 17. bxc6 bxc6 18. Nc3 Qa5 19. Rb1 Nd4 20. Nxd4 exd4 21. Bb4 Qa7 22. Nd1 f5 23. Bxc5 Qxc5 24. Bf3 a3 25. Rb7 Bc8 26. Rb3 f4 27. Qd2 Rf8 28. Qe2 Bh3 29. Re1 Qg5 30. Kh1 Be5 31. g4 Bxg4 32. Bxg4 f3 33. Be6+ Kh8 34. Qf1 Rae8 35. Bd7 Re7 36. Qh3 Rxd7 37. Rg1 Qf4 38. Rxg6 Qc1 39. Rg1 Rg7 40. Rxg7 Bxg7 41. Qf1 Qf4 42. Qh3 Qd2 43. Qf1 Be5 44. Rb7 Qh6 0-1

[Event "SLO-chT1 West 29th"]
[Site "Slovenia"]
[Date "2019.10.18"]
[Round "7.3"]
[White "Herega, Nejc"]
[Black "Bulatovic, Milorad"]
[Result "1-0"]
[WhiteElo "2000"]
[BlackElo "1896"]
[PlyCount "75"]
[EventDate "2019.09.20"]
[EventType "team-tourn"]
[EventRounds "9"]
[EventCountry "SLO"]
[SourceTitle "CBM 192 Extra"]
[Source "Chessbase"]
[SourceDate "2019.11.06"]
[SourceVersion "1"]
[SourceVersionDate "2019.11.06"]
[SourceQuality "1"]
[WhiteTeam "Nova Gorica"]
[BlackTeam "Kranj Stari Mayr"]
[WhiteTeamCountry "SLO"]
[BlackTeamCountry "SLO"]

1. d4 f5 2. Nc3 Nf6 3. Bg5 d5 4. e3 e6 5. Nf3 Be7 6. Bd3 Nbd7 7. 0-0 0-0 8. Rc1 c5 9. b3 a6 10. Ne2 b5 11. c4 Qb6 12. Qc2 Bd6 13. Bxf6 dxc4 14. bxc4 Rxf6 15. e4 bxc4 16. Bxc4 fxe4 17. Qxe4 Bb7 18. Bxe6+ Kh8 19. d5 Nf8 20. Ng5 Qc7 21. Ng3 Bf4 22. h4 Bxc1 23. Rxc1 h6 24. Nh5 hxg5 25. Nxf6 gxf6 26. hxg5 fxg5 27. Qe3 Nxe6 28. dxe6 Qf4 29. Qxc5 Qg4 30. f3 Qf4 31. Rb1 Rc8 32. e7 Qb8 33. Qxg5 Qa7+ 34. Kh1 Qa8 35. Rb4 Rc1+ 36. Qxc1 Bxf3 37. Qh6+ Kg8 38. Qg6+ 1-0

[Event "Bled op"]
[Site "Bled"]
[Date "2017.03.10"]
[Round "1"]
[White "Bulatovic, Milorad"]
[Black "Biti, Ozren"]
[Result "0-1"]
[WhiteElo "1869"]
[BlackElo "2355"]
[PlyCount "162"]
[EventDate "2017.03.10"]
[EventType "swiss"]
[EventRounds "5"]
[EventCountry "SLO"]
[SourceTitle "EXT 2019"]
[Source "ChessBase"]
[SourceDate "2018.10.10"]
[SourceVersion "1"]
[SourceVersionDate "2018.10.10"]
[SourceQuality "1"]

1. b3 e5 2. Bb2 d6 3. e3 f5 4. d4 e4 5. g3 Nf6 6. c4 c6 7. Ne2 Be7 8. h4 0-0 9. Nf4 Na6 10. a3 Nc7 11. Be2 d5 12. c5 Ne6 13. Nxe6 Bxe6 14. b4 Qe8 15. Nc3 b6 16. Na4 Rb8 17. Rc1 Bd7 18. Rb1 Bd8 19. Bc3 Bc7 20. h5 Ng4 21. Bd2 Rf6 22. Qb3 b5 23. Nc3 Be6 24. a4 a6 25. Ra1 Rh6 26. axb5 axb5 27. Ra7 Rc8 28. Bxg4 fxg4 29. Ne2 Rxh5 30. Rf1 g5 31. Qa2 Rh6 32. Kd1 Rf6 33. Be1 Rf8 34. Kc2 Rf7 35. Rh1 Kg7 36. Rh2 Bd8 37. Nc3 Rxa7 38. Qxa7+ Rc7 39. Qa8 Qd7 40. Qa1 Ra7 41. Qb2 Bf5 42. Bd2 Bg6 43. Rh1 Qf5 44. Be1 h5 45. Kb1 Qf3 46. Rh2 Bc7 47. Qe2 Ra4 48. Qb2 Ra8 49. Qe2 h4 50. Kb2 Rf8 51. Qd2 Rh8 52. Ne2 hxg3 53. Rxh8 gxf2 54. Bxf2 Kxh8 55. Qe1 Qg2 56. Kc3 Kg7 57. Ng3 Qf3 58. Kd2 Qf8 59. Kc2 Qg8 60. Kb1 Qh8 61. Kc2 Qh2 62. Kd1 Qg2 63. Ne2 g3 64. Nxg3 Qf3+ 65. Kd2 Qg2 66. Kc3 Qf3 67. Kd2 Bf7 68. Qg1 Be6 69. Qe1 Bg4 70. Qe2 Qxe2+ 71. Nxe2 Bxe2 72. Kxe2 Kf6 73. Kf1 Kf5 74. Kg2 Kg4 75. Be1 Bb8 76. Bf2 Bf4 77. exf4 gxf4 78. Be1 e3 79. Kf1 f3 80. Bc3 Kf4 81. Be1 f2 0-1

[Event "SLO-chT2 West"]
[Site "Komenda"]
[Date "2016.11.27"]
[Round "9.5"]
[White "Mlakar, Matej"]
[Black "Bulatovic, Milorad"]
[Result "0-1"]
[WhiteElo "1503"]
[BlackElo "1864"]
[PlyCount "200"]
[EventDate "2016.11.11"]
[EventType "team-tourn"]
[EventRounds "9"]
[EventCountry "SLO"]
[SourceTitle "EXT 2019"]
[Source "ChessBase"]
[SourceDate "2018.10.10"]
[SourceVersion "1"]
[SourceVersionDate "2018.10.10"]
[SourceQuality "1"]
[WhiteTeam "Komenda II"]
[BlackTeam "Kranj Stari Mayr"]
[WhiteTeamCountry "SLO"]
[BlackTeamCountry "SLO"]

1. e4 e5 2. Nc3 Nc6 3. Bc4 Bc5 4. d3 Nf6 5. Nf3 d6 6. Be3 Bxe3 7. fxe3 0-0 8. 0-0 Na5 9. Bb3 Nxb3 10. axb3 Bg4 11. h3 Bh5 12. Qe1 c6 13. d4 Qc7 14. d5 c5 15. Nd2 a6 16. Ne2 Bg6 17. Ng3 b5 18. c4 Rfb8 19. Qc1 Qd8 20. Kh1 Ne8 21. Ra2 Qg5 22. Qe1 h5 23. Kg1 Rb6 24. Nf5 Rab8 25. cxb5 axb5 26. Nf3 Qd8 27. Nd2 Nc7 28. Kh1 Na6 29. Qc1 Bxf5 30. Rxf5 g6 31. Rf1 Nb4 32. Ra1 Kg7 33. Ra7 R8b7 34. Rxb7 Rxb7 35. Kh2 Ra7 36. Nf3 Qa5 37. Qb1 f6 38. Rd1 Qa2 39. Qxa2 Rxa2 40. Rd2 g5 41. g4 hxg4 42. hxg4 Ra1 43. Kg2 Rc1 44. Kf2 Nc2 45. Ke2 Na1 46. b4 Nb3 47. Rd1 Rc2+ 48. Nd2 Rxb2 49. bxc5 Nxc5 50. Rb1 Ra2 51. Rb4 Kf7 52. Kd1 Ra5 53. Nb3 Nxb3 54. Rxb3 Ke7 55. Ke2 Kd7 56. Kf3 Kc7 57. Rc3+ Kb7 58. Rb3 Kc7 59. Ke2 Kb7 60. Kd3 Kb6 61. Rc3 Ra6 62. Kc2 b4 63. Rc6+ Kb5 64. Rc7 Ra2+ 65. Kb3 Ra3+ 66. Kb2 Rxe3 67. Rc6 Rxe4 68. Rxd6 Rxg4 69. Rxf6 Rd4 70. d6 Kc5 71. Rf5 Kxd6 72. Rxg5 Rf4 73. Kb3 Kd5 74. Rh5 Re4 75. Rh8 Rd4 76. Rd8+ Ke4 77. Re8 Kf4 78. Rf8+ Ke3 79. Kc2 e4 80. Rf7 Rd3 81. Rf8 b3+ 82. Kb2 Ke2 83. Rf7 e3 84. Kc1 Rd2 85. Rf8 Rd1+ 86. Kb2 Rf1 87. Re8 Rf3 88. Kxb3 Kf2 89. Kc2 Rf7 90. Kd3 Rd7+ 91. Kc2 Ke2 92. Re6 Rc7+ 93. Kb2 Kd2 94. Rd6+ Ke1 95. Re6 e2 96. Rf6 Ra7 97. Kc2 Rg7 98. Kc1 Rg2 99. Rh6 Kf1 100. Rf6+ Rf2 0-1

[Event "SLO-chT2 West"]
[Site "Komenda"]
[Date "2016.11.11"]
[Round "1.5"]
[White "Bulatovic, Milorad"]
[Black "Hvala, Inja Ajda"]
[Result "1-0"]
[WhiteElo "1864"]
[BlackElo "1231"]
[PlyCount "101"]
[EventDate "2016.11.11"]
[EventType "team-tourn"]
[EventRounds "9"]
[EventCountry "SLO"]
[SourceTitle "EXT 2019"]
[Source "ChessBase"]
[SourceDate "2018.10.10"]
[SourceVersion "1"]
[SourceVersionDate "2018.10.10"]
[SourceQuality "1"]
[WhiteTeam "Kranj Stari Mayr"]
[BlackTeam "Postojna"]
[WhiteTeamCountry "SLO"]
[BlackTeamCountry "SLO"]

1. e3 d5 2. b3 Nf6 3. Bb2 Bf5 4. Nf3 e6 5. Be2 Be7 6. 0-0 0-0 7. c4 c6 8. Nh4 Bg6 9. Nxg6 hxg6 10. d4 Nbd7 11. Nd2 Bb4 12. a3 Be7 13. c5 b6 14. b4 bxc5 15. bxc5 Rb8 16. Bc3 Qc7 17. f4 Ne4 18. Nxe4 dxe4 19. Qc2 Nf6 20. Bd2 Qd7 21. g4 Qd5 22. Bc4 Qd8 23. g5 Nd5 24. Qxe4 Qd7 25. Rab1 Rxb1 26. Rxb1 Qc7 27. Qc2 Rb8 28. Rb3 Rxb3 29. Qxb3 f6 30. h4 Bf8 31. Qb1 Kf7 32. Kf2 e5 33. Qb3 exf4 34. Bxd5+ cxd5 35. Qxd5+ Ke8 36. exf4 Qb8 37. Ke3 Qc7 38. Bb4 Qe7+ 39. Kd3 Qc7 40. Qe4+ Kf7 41. Kc4 f5 42. Qd5+ Ke8 43. Qe5+ Qxe5 44. fxe5 Kd8 45. c6 Bxb4 46. axb4 Kc7 47. d5 a6 48. Kc5 f4 49. Kd4 f3 50. Ke3 f2 51. Kxf2 1-0

[Event "SLO-chT1 West"]
[Site "Ljubljana"]
[Date "2014.10.04"]
[Round "2"]
[White "Bulatovic, Milorad"]
[Black "Ciglic, Boris"]
[Result "1-0"]
[WhiteElo "1911"]
[BlackElo "2086"]
[PlyCount "101"]
[EventDate "2014.10.03"]
[EventType "team-tourn"]
[EventRounds "9"]
[EventCountry "SLO"]
[SourceTitle "EXT 2019"]
[Source "ChessBase"]
[SourceDate "2018.10.10"]
[SourceVersion "1"]
[SourceVersionDate "2018.10.10"]
[SourceQuality "1"]
[WhiteTeam "Stari Mayr Kranj"]
[BlackTeam "Gorenjka Lesce"]
[WhiteTeamCountry "SLO"]
[BlackTeamCountry "SLO"]

1. d4 Nf6 2. Nf3 g6 3. g3 Bg7 4. Bg2 d6 5. c4 0-0 6. 0-0 Nc6 7. a3 a6 8. Re1 Rb8 9. Nc3 b5 10. d5 Na5 11. cxb5 axb5 12. Nd4 Bd7 13. Qd3 Qe8 14. e4 c5 15. dxc6 Nxc6 16. Nxc6 Bxc6 17. Na2 Nd7 18. Nb4 Nc5 19. Qc2 Ba8 20. Bf4 Rc8 21. Qe2 Nb3 22. Rad1 Nd4 23. Qd3 Ne6 24. Bc1 Rc4 25. Nd5 Qd8 26. b3 Nc5 27. Qb1 Rd4 28. Be3 Rxd1 29. Rxd1 e6 30. Nf4 Qe7 31. b4 Na4 32. Qd3 Rd8 33. Rc1 Qd7 34. Bf1 Rb8 35. f3 d5 36. exd5 e5 37. Ng2 Nb2 38. Qc2 Nc4 39. Bxc4 bxc4 40. Qxc4 Bxd5 41. Qd3 Qb7 42. Ne1 Bxf3 43. Nxf3 e4 44. Qd2 exf3 45. Kf2 Qe4 46. Qc2 Qg4 47. Rd1 h6 48. Rd3 Rb5 49. Bc5 Qh5 50. Kg1 Bf8 51. Rd8 1-0

[Event "SLO-chT1 West"]
[Site "Ljubljana"]
[Date "2012.09.30"]
[Round "6.6"]
[White "Bulatovic, Milorad"]
[Black "Znidaric, Anze"]
[Result "1-0"]
[WhiteElo "1921"]
[BlackElo "1871"]
[PlyCount "119"]
[EventDate "2012.09.21"]
[EventType "team-tourn"]
[EventRounds "9"]
[EventCountry "SLO"]
[SourceTitle "EXT 2022"]
[Source "ChessBase"]
[SourceDate "2021.10.06"]
[SourceVersion "1"]
[SourceVersionDate "2021.10.06"]
[SourceQuality "1"]
[WhiteTeam "Kranj Stari Mayr"]
[BlackTeam "Kranj Tomo Zupan"]
[WhiteTeamCountry "SLO"]
[BlackTeamCountry "SLO"]

1. Nf3 Nf6 2. g3 d5 3. d4 e6 4. Bg2 g6 5. c4 Bg7 6. Bg5 c6 7. cxd5 exd5 8. 0-0 0-0 9. Nc3 Qb6 10. Qc1 Re8 11. Bxf6 Bxf6 12. e3 Bf5 13. Qd2 Nd7 14. Rfc1 Rac8 15. Ne1 Bg7 16. Nd3 Nf6 17. b4 Bxd3 18. Qxd3 Qxb4 19. Rab1 Qe7 20. Na4 b6 21. Bh3 Rc7 22. Rc2 Ne4 23. Rbc1 Ng5 24. Bg2 Rec8 25. Nc3 Qd7 26. h4 Ne6 27. Kh2 Nd8 28. Bh3 f5 29. Bg2 Nf7 30. a4 Nd6 31. Ne2 Ne4 32. Nf4 Kh8 33. Bf3 c5 34. dxc5 Rxc5 35. Rxc5 Rxc5 36. Rxc5 Nxc5 37. Qd2 d4 38. a5 Nb3 39. Qc2 Nxa5 40. exd4 Bxd4 41. Qd3 Qd6 42. Nd5 Bxf2 43. Qc3+ Kg8 44. Nf4 Qd7 45. Bd5+ Kf8 46. Qf6+ Ke8 47. Qh8+ Ke7 48. Qxh7+ Kd6 49. Qxg6+ Ke5 50. Be6 Qd2 51. Qxf5+ Kd4 52. Kh3 Qe3 53. Qg4 Kc5 54. Qg5+ Kd4 55. h5 Qe4 56. Qf6+ Qe5 57. Qd8+ Kc3 58. Qd3+ Kb2 59. Qd2+ Ka3 60. Qa2+ 1-0

[Event "SLO-chT1 West"]
[Site "Ljubljana"]
[Date "2010.10.15"]
[Round "7.4"]
[White "Bulatovic, Milorad"]
[Black "Mejak, Severin"]
[Result "0-1"]
[WhiteElo "1978"]
[BlackElo "2036"]
[PlyCount "110"]
[EventDate "2010.09.24"]
[EventType "team-tourn"]
[EventRounds "9"]
[EventCountry "SLO"]
[SourceTitle "CBM 138 Extra"]
[Source "ChessBase"]
[SourceDate "2010.10.29"]
[SourceVersion "1"]
[SourceVersionDate "2010.10.29"]
[SourceQuality "1"]
[WhiteTeam "Krajn Stari Mayr"]
[BlackTeam "Novo Mesto Krka"]
[WhiteTeamCountry "SLO"]
[BlackTeamCountry "SLO"]

1. b3 Nf6 2. Bb2 d5 3. e3 g6 4. c4 dxc4 5. Bxc4 Bg7 6. Nf3 0-0 7. 0-0 a6 8. d4 b5 9. Be2 Bb7 10. Qc1 Nbd7 11. Ba3 Re8 12. Rd1 Ne4 13. Nbd2 Nd6 14. Bb2 Rc8 15. b4 e6 16. a3 Bd5 17. Bd3 f5 18. Re1 Ne4 19. Qc2 Nxd2 20. Nxd2 e5 21. dxe5 Nxe5 22. Bf1 Qh4 23. h3 Qf6 24. Qc5 c6 25. Bd4 Qe6 26. Qc3 Qf7 27. e4 fxe4 28. Nxe4 Qf4 29. Qe3 Qxe3 30. Rxe3 Nf3+ 31. gxf3 Bxd4 32. Nd6 Rxe3 33. fxe3 Bxe3+ 34. Kg2 Rf8 35. Be2 Rf6 36. Ne8 Rf5 37. Rd1 Rg5+ 38. Kh1 Be6 39. Nf6+ Kg7 40. Ng4 Bb6 41. Rd6 Bf7 42. Rxc6 Bd4 43. Rd6 Rd5 44. Rxa6 h5 45. Nh2 Rg5 46. Nf1 Bc4 47. Bxc4 bxc4 48. Nd2 Rg1+ 49. Kh2 Rc1 50. Kg3 Be3 51. Ne4 c3 52. Rc6 c2 53. Kh4 Kh6 54. b5 Rg1 55. b6 c1Q 0-1

[Event "SLO-chT1 West"]
[Site "Ljubljana"]
[Date "2010.10.09"]
[Round "5.3"]
[White "Skok, Boris"]
[Black "Bulatovic, Milorad"]
[Result "1-0"]
[WhiteElo "2082"]
[BlackElo "1978"]
[PlyCount "115"]
[EventDate "2010.09.24"]
[EventType "team-tourn"]
[EventRounds "9"]
[EventCountry "SLO"]
[SourceTitle "CBM 138 Extra"]
[Source "ChessBase"]
[SourceDate "2010.10.29"]
[SourceVersion "1"]
[SourceVersionDate "2010.10.29"]
[SourceQuality "1"]
[WhiteTeam "Komenda"]
[BlackTeam "Krajn Stari Mayr"]
[WhiteTeamCountry "SLO"]
[BlackTeamCountry "SLO"]

1. d4 c5 2. d5 e5 3. Nc3 d6 4. e4 a6 5. a4 g6 6. g3 Bg7 7. Bg2 Ne7 8. Nge2 0-0 9. 0-0 b6 10. Be3 Bd7 11. Qd2 Re8 12. h3 f6 13. f4 Qc8 14. Kh2 Qb7 15. fxe5 dxe5 16. a5 Nc8 17. b3 Nd6 18. axb6 Qxb6 19. Na4 Bxa4 20. Rxa4 Nd7 21. Rfa1 Rec8 22. Nc3 f5 23. Ra5 f4 24. gxf4 exf4 25. Bxf4 c4 26. b4 Qxb4 27. Nb1 Qxd2 28. Nxd2 Bxa1 29. Rxa1 c3 30. Nb3 Nc4 31. Ra4 Nd2 32. Na5 Re8 33. Nc6 Nc5 34. Rd4 Ndxe4 35. d6 Nf6 36. Ne7+ Kf7 37. Bxa8 Rxa8 38. Rc4 Nce4 39. Nc8 Ke6 40. d7 Nxd7 41. Rxe4+ Kd5 42. Re7 Rxc8 43. Rxd7+ Ke4 44. Bh6 Kf3 45. Rd3+ Ke2 46. Bg7 Rc7 47. Bxc3 Rc6 48. Kg3 Rc5 49. Kf4 a5 50. Rd2+ Ke1 51. Rd3+ Ke2 52. Ke4 Rc7 53. Kd5 Rc8 54. Ke4 a4 55. Rd2+ Ke1 56. Bb4 Kf1 57. Kf3 Kg1 58. Rd1+ 1-0

[Event "Pula op 24th"]
[Site "Pula"]
[Date "2010.06.19"]
[Round "1"]
[White "Bulatovic, Milorad"]
[Black "Fodor, Tamas Jr"]
[Result "0-1"]
[WhiteElo "1964"]
[BlackElo "2420"]
[PlyCount "64"]
[EventDate "2010.06.19"]
[EventType "swiss"]
[EventRounds "9"]
[EventCountry "CRO"]
[SourceTitle "CBM 137 Extra"]
[Source "ChessBase"]
[SourceDate "2010.09.01"]
[SourceVersion "1"]
[SourceVersionDate "2010.09.01"]
[SourceQuality "1"]

1. b3 e5 2. Bb2 Nc6 3. e3 Nf6 4. Bb5 d6 5. Bxc6+ bxc6 6. Ne2 Be7 7. 0-0 0-0 8. d3 Re8 9. e4 Bf8 10. Nd2 d5 11. Ng3 Bc5 12. h3 Nd7 13. Nf3 Ba6 14. Re1 d4 15. Bc1 Nf8 16. Bd2 Rb8 17. a4 Bd6 18. Nf5 Ne6 19. Nxd6 cxd6 20. b4 f6 21. Qb1 d5 22. exd5 cxd5 23. b5 Bb7 24. Qb2 Qb6 25. Rab1 Ra8 26. Qa3 Qc7 27. Rec1 e4 28. Ne1 e3 29. fxe3 dxe3 30. Bxe3 d4 31. Bd2 Qg3 32. Qb3 Kh8 0-1

[Event "SLO-chT1a West"]
[Site "Ljubljana"]
[Date "2009.10.10"]
[Round "2.5"]
[White "Zupancic, Urban"]
[Black "Bulatovic, Milorad"]
[Result "1-0"]
[WhiteElo "1907"]
[BlackElo "1985"]
[PlyCount "120"]
[EventDate "2009.10.09"]
[EventType "team-tourn"]
[EventRounds "9"]
[EventCountry "SLO"]
[SourceTitle "EXT 2012"]
[Source "ChessBase"]
[SourceDate "2011.11.24"]
[SourceVersion "1"]
[SourceVersionDate "2011.11.24"]
[SourceQuality "1"]
[WhiteTeam "Novo Mesto Krka"]
[BlackTeam "Kranj Stari Mayr"]
[WhiteTeamCountry "SLO"]
[BlackTeamCountry "SLO"]

1. e4 e5 2. Nf3 Nc6 3. Nc3 Nf6 4. g3 d6 5. Bg2 Bg4 6. h3 Bxf3 7. Qxf3 Be7 8. 0-0 Nd4 9. Qd1 c6 10. Ne2 Nxe2+ 11. Qxe2 0-0 12. c3 a5 13. d4 Qc7 14. Be3 a4 15. Rad1 Rfd8 16. f4 Nd7 17. Qf2 Rf8 18. Rd2 f6 19. Bf3 g6 20. Be2 b5 21. d5 Rab8 22. dxc6 Qxc6 23. Bf3 Qc4 24. a3 Qc7 25. Rfd1 Rb7 26. Rd5 Kg7 27. Qd2 Rd8 28. Be2 Qc6 29. Qd3 Rdb8 30. Bg4 Nf8 31. fxe5 fxe5 32. Qd2 Qc4 33. Bh6+ Kh8 34. Qe3 Nd7 35. Bxd7 Rxd7 36. Rf1 Qc8 37. Rf7 Rdb7 38. Kh2 Qe6 39. Qf2 Kg8 40. Rg7+ Kh8 41. Qf7 Qxf7 42. Rxf7 Kg8 43. Rg7+ Kh8 44. Rd3 Rg8 45. Rf7 g5 46. Rdf3 Rg6 47. Bf8 Re6 48. Rg7 h5 49. Rff7 Bxf8 50. Rh7+ Kg8 51. Rxb7 Rf6 52. Kg2 d5 53. Rxh5 Rg6 54. Kf3 d4 55. cxd4 exd4 56. Rxb5 Bg7 57. Rhxg5 Rf6+ 58. Ke2 Rc6 59. Kd3 Rc1 60. Rb7 Rd1+ 1-0

[Event "SLO-chT1a West"]
[Site "Ljubljana"]
[Date "2009.10.09"]
[Round "1.5"]
[White "Kosmac, Blaz"]
[Black "Bulatovic, Milorad"]
[Result "1-0"]
[WhiteElo "2164"]
[BlackElo "1985"]
[PlyCount "79"]
[EventDate "2009.10.09"]
[EventType "team-tourn"]
[EventRounds "9"]
[EventCountry "SLO"]
[SourceTitle "EXT 2012"]
[Source "ChessBase"]
[SourceDate "2011.11.24"]
[SourceVersion "1"]
[SourceVersionDate "2011.11.24"]
[SourceQuality "1"]
[WhiteTeam "Kranj Tomo Zupan"]
[BlackTeam "Kranj Stari Mayr"]
[WhiteTeamCountry "SLO"]
[BlackTeamCountry "SLO"]

1. e4 e5 2. Nf3 Nc6 3. Bc4 Bc5 4. c3 d6 5. d4 exd4 6. cxd4 Bb4+ 7. Kf1 Ba5 8. Qb3 Qd7 9. Be3 Bb6 10. Bb5 Kf8 11. d5 Na5 12. Qd3 c6 13. Ba4 Bxe3 14. fxe3 b5 15. dxc6 Qxc6 16. Bxb5 Qc1+ 17. Kf2 Qxb2+ 18. Nbd2 Qf6 19. e5 Qd8 20. exd6 Bb7 21. Rhf1 Nf6 22. Kg1 Rb8 23. Ne5 Kg8 24. Rac1 Bd5 25. Rxf6 gxf6 26. Qxd5 fxe5 27. Rc7 Qf6 28. Ne4 Qf5 29. d7 Kg7 30. Bd3 Qh5 31. Qxa5 Rhd8 32. Ng3 Qg5 33. Nf5+ Kh8 34. Qxe5+ f6 35. Qg3 Qxg3 36. hxg3 a5 37. Ne7 Kg7 38. Nc6 Ra8 39. Nxd8 Rxd8 40. Bf5 1-0